000 00415nam a2200133 a 4500
001 000032790
005 20200930065833.0
008 110726s1917 dr 000 0 spa d
040 _aDO-SdBNP
_bspa
_cBNPHU
082 _axxxx
_bI43
245 0 3 _aLa Información II aniversario a sus lectores.
260 _aSantiago de los Caballeros, República Dominicana :
_bTip. La Inforamción,
_c1917.
300 _a36 p. ;
_c16 cm.
999 _c32281
_d32281